Statistieken voor Vlaggen van de wereld

Klik hier om de quiz te nemen!

Algemene statistieken

  • Deze quiz is 30.496 keer genomen
  • De gemiddelde score is 85 van 196

Antwoordstatistieken

Antwoord% Correct
Verenigde Staten
99%
Frankrijk
95%
Nederland
95%
Brazilië
94%
China
94%
Italië
94%
Canada
93%
Japan
93%
Australië
92%
Griekenland
92%
Rusland
92%
Noorwegen
91%
Verenigd Koninkrijk
91%
Zweden
91%
Ierland
90%
Israël
90%
Zuid-Afrika
88%
Mexico
86%
Zuid-Korea
86%
België
84%
Nieuw-Zeeland
83%
Finland
82%
Jamaica
82%
Zwitserland
81%
Duitsland
80%
Turkije
80%
Spanje
79%
Denemarken
78%
Cyprus
76%
Polen
76%
Bulgarije
75%
Iran
75%
Albanië
74%
IJsland
74%
Argentinië
73%
Hongarije
73%
India
72%
Luxemburg
69%
Oostenrijk
69%
Georgië
66%
Ivoorkust
66%
Noord-Macedonië
66%
Kroatië
65%
Egypte
63%
Portugal
63%
Saoedi-Arabië
62%
Tsjechië
62%
Kosovo
61%
Malta
61%
Vaticaanstad
61%
Nepal
59%
Uruguay
59%
Estland
58%
Vietnam
58%
Bosnië en Herzegovina
57%
Indonesië
57%
Slowakije
57%
Algerije
56%
Monaco
56%
San Marino
56%
Roemenië
55%
Chili
54%
Marokko
54%
Noord-Korea
54%
Tunesië
54%
Kameroen
53%
Oekraïne
53%
Slovenië
53%
Bangladesh
52%
Servië
52%
Irak
51%
Pakistan
51%
Peru
50%
Venezuela
50%
Kenia
49%
Colombia
48%
Libanon
48%
Belarus
47%
Kazachstan
47%
Panama
47%
Maleisië
45%
Nigeria
45%
Azerbeidzjan
43%
Cuba
43%
Syrië
43%
Democratische Republiek Congo
42%
Thailand
42%
Bhutan
41%
Dominicaanse Republiek
41%
Madagaskar
41%
Singapore
41%
Costa Rica
40%
Gabon
40%
Letland
39%
Liechtenstein
39%
Senegal
39%
Honduras
38%
Qatar
38%
Ecuador
37%
Filipijnen
37%
Suriname
37%
Burkina Faso
36%
Litouwen
36%
Somalië
36%
Armenië
35%
Ghana
35%
Angola
34%
Barbados
34%
Montenegro
34%
Paraguay
34%
Verenigde Arabische Emiraten
34%
Moldavië
33%
Niger
33%
Bahrein
32%
Andorra
31%
Jemen
31%
Sri Lanka
31%
Palau
30%
Oeganda
29%
Taiwan
29%
Turkmenistan
29%
Cambodja
28%
Myanmar
28%
Oezbekistan
28%
Seychellen
28%
Papoea-Nieuw-Guinea
27%
Eswatini
26%
Ethiopië
26%
Tonga
26%
Koeweit
25%
Laos
25%
Libië
25%
Tsjaad
25%
Afghanistan
24%
Liberia
24%
Mali
24%
Oman
24%
Tanzania
24%
Zimbabwe
24%
Botswana
23%
Jordanië
23%
Mongolië
23%
Mozambique
23%
Kaapverdië
22%
Mauritanië
22%
Trinidad en Tobago
22%
Comoren
21%
El Salvador
21%
Fiji
21%
Haïti
21%
Malawi
21%
Maldiven
21%
Soedan
21%
Bahamas
20%
Brunei
20%
Burundi
20%
Togo
20%
Zuid-Soedan
20%
Eritrea
19%
Sierra Leone
19%
Zambia
19%
Kiribati
18%
Marshalleilanden
18%
Micronesia
18%
Nicaragua
18%
Republiek Congo
18%
Rwanda
18%
Tadzjikistan
18%
Antigua en Barbuda
17%
Belize
17%
Namibië
17%
Benin
16%
Centraal-Afrikaanse Republiek
16%
Djibouti
16%
Guatemala
16%
Guyana
16%
Kirgizië
16%
Lesotho
16%
Oost-Timor
16%
Bolivia
15%
Dominica
15%
Nauru
15%
Guinee
14%
Mauritius
14%
Saint Lucia
14%
Grenada
13%
Saint Kitts en Nevis
13%
Samoa
13%
Equatoriaal-Guinea
12%
Gambia
12%
Saint Vincent en de Grenadines
12%
Sao Tomé en Principe
12%
Tuvalu
12%
Vanuatu
12%
Guinee-Bissau
10%
Salomonseilanden
10%

Scoreverdeling

Percentiel versus Aantal Correcte Antwoorden

Procent van Mensen met Elke Score

Uw Scoregeschiedenis

U heeft deze quiz nog niet genomen